[Event "Vienna Millenium"]
[Site "Vienna"]
[Date "1996.08.10"]
[Round "2"]
[White "Karpov, Anatoly"]
[Black "Kramnik, Vladimir"]
[Result "1-0"]
[WhiteElo "2775"]
[BlackElo "2765"]
[Annotator "Lutz,Christopher"]
[PlyCount "117"]
[EventDate "1996.08.09"]
[EventType "tourn"]
[EventRounds "9"]
[EventCountry "AUT"]
[EventCategory "18"]
[SourceTitle "CBM 055"]
[Source "ChessBase"]
[SourceDate "1996.12.01"]
[SourceVersion "1"]
[SourceVersionDate "1996.12.01"]
[SourceQuality "1"]

1. d4 {Lutz,Christopher Hecht Ftacnik} d5 2. c4 c6 3. Nc3 Nf6 4. Nf3 e6 5. e3 Nbd7 6. Qc2 Bd6 7. Bd3 {Die modernere Fortsetzung gegenüber 7.e2.} O-O 8. O-O {Die wesentliche Pointe von 7.d3 besteht darin, die Auswahl an schwarzen Systemen zu reduzieren:} e5 {Nach 7.e2 0-0 8.0-0 e5 hat Schwarz gute Aussicht auf Ausgleich. Nun jedoch hat Schwarz Probleme.} (8... dxc4 9. Bxc4 Qe7 {führt zu Varianten nach 7.e2 dxc4 8.xc4 e7.}) (8... b6 {ist hier nicht so gut spielbar wegen} 9. e4 dxe4 10. Nxe4 Nxe4 $2 11. Bxe4 $18) 9. cxd5 cxd5 10. e4 {Nur so macht der weiße Aufbau Sinn.} (10. Nb5 {Ftacnik} Bb8 11. dxe5 Nxe5 12. Nxe5 Bxe5 13. h3 a6 14. Nd4 $14) 10... dxe4 (10... exd4 {ist der andere kritische Zug, vgl. Chernin,A-Savchenko,S/EUcup Gr7 Bratislava; CBM 55. Allerdings hat es Schwarz auch dort nicht leicht.}) (10... exd4 {Ftacnik} 11. Nxd5 Nxd5 12. exd5 h6 (12... Nf6 13. Nxd4 Nxd5 14. Bxh7+ Kh8 15. Be4 Nf6 16. Nf5 Nxe4 17. Qxe4 Qf6 18. Nxd6 Qxd6 19. Bf4 Qb6 20. Rad1 Be6 21. Rd6 Qb5 22. Be5 Rae8 23. a4 Qc4 24. Rd4 {1-0 Vera,R-Oms Pallise,J/Pamplona op/1995/}) 13. Nxd4 Qh4 (13... Bxh2+ 14. Kxh2 Qh4+ 15. Kg1 Qxd4 16. Rd1 $16 {}) 14. Nf3 (14. f4 Nf6 (14... Bc5 $2 15. Be3 Re8 16. Bf2 Qxf4 17. Ne6 $1) 15. Nb5 Rd8 16. Nxd6 Rxd6 17. Bd2 Rxd5 18. Be1 Qh5 19. Bc3 Bf5 (19... Ng4 $2 20. h3 Ne3 $2 21. Rae1) 20. Bxf5 Qxf5 21. Qxf5 Rxf5 22. Rad1 Nd5 23. Bd2 {½-½ Sokolov,I-Morovic Fernandez,I/Leon (07)/1995/ (48)}) 14... Qh5 15. Bh7+ (15. Qc4 Nc5 16. Bc2 g5 17. b4 Na6 18. Qd3 Qg6 19. Qxg6+ fxg6 20. a3 Bf5 21. Bb3 Rac8 22. Be3 Rc3 23. Nd4 Be5 24. Nxf5 Rxb3 25. Nd4 Bxd4 26. Bxd4 {½-½ Orr,M-Kaidanov,G/Dublin Telecom/1991/ (41)}) 15... Kh8 16. Qf5 Qxf5 17. Bxf5 Nf6 18. Bc2 (18. Bxc8 Rfxc8 19. Rd1 Rc5 20. Be3 Rxd5 21. Rxd5 Nxd5 22. Rd1 Nxe3 23. Rxd6 Ng4 24. h3 Nf6 25. Ne5 Kg8 {Rohde,M-Ramayrat,C/USA-op (03)/1987/½-½ (52)}) 18... Bg4 19. Bb3 Bxf3 20. gxf3 Nh5 21. Be3 Nf4 22. Rfd1 Rfd8 23. Bc4 {Sokolov,I-Piket,Je/Nussloch (06)/1996/1-0 (63)}) 11. Nxe4 Nxe4 12. Bxe4 h6 13. Be3 (13. Rd1 exd4 14. Nxd4 Nf6 15. Bf3 Qa5 16. g3 Bg4 17. Bxg4 {½-½ Dlugy,M-Dreev,A/New York op (02) ;EXP 16 1990 ½-½ Dlugy,M-Dreev,A/New York op (02) ;EXP 16 1990}) 13... exd4 14. Bh7+ $1 $146 {In Erwartung des folgenden Endspiels wird der schwarze König deplaziert.} (14. Bxd4 Nf6 15. Bf5 Qa5 16. Bxc8 Rfxc8 17. Qb3 Qd5 18. Qxd5 (18. Bxf6 Qxb3 19. axb3 gxf6 {mit den Ideen ...c2 oder ...e5 ist befriedigend für Schwarz.}) 18... Nxd5 19. Rad1 Rd8 20. g3 Nb4 {½-½ Blanco Fernandez,A-Hoffman,A/Capablanca mem (04) ;CBM 48 1995 ½-½ Blanco Fernandez,A-Hoffman,A/Capablanca mem (04)/1995/}) 14... Kh8 15. Bxd4 Nf6 16. Bf5 $14 Bxf5 (16... Qa5 17. Bxc8 Rfxc8 (17... Raxc8 18. Qb3 $14) 18. Qb3 Qd5 19. Bxf6 ({RR} 19. Rfd1 Qxb3 20. axb3 Ne4 21. Bxa7 ({RR} 21. Rxa7 Rxa7 22. Bxa7 Rc2 23. Bd4) 21... Rc2 22. Ra4 Bc5 23. Bxc5 Rxa4 24. bxa4 Nxc5 25. h4 Nxa4 26. Rd7 Rxb2 27. Rxf7 Kg8 28. Rc7 b5 29. Nd4) 19... Qxb3 20. Bxg7+ {Hier wirkt sich die Stellung des h8 aus !} ({RR} 20. Bxg7+ Kxg7 21. axb3 Be7) 20... Kxg7 21. axb3 $16 Rc2 22. Nd4 Rxb2 $2 23. Nf5+ $18) ({RR} 16... Qa5 17. Bxc8 Rfxc8 18. Qb3 Qd5 19. Bxf6 Qxb3 20. axb3 gxf6 21. Rfd1 Rd8 22. g3 Bc5 23. Kg2 Bb6 24. Rac1 Rxd1 25. Rxd1 Rc8 26. Rd2 Rc5 27. Nh4 h5 28. f4 Rb5 29. Rd3 Rc5 30. Rd2 Rb5 31. Rd3 {Kramnik,V (2758)-Shirov,A (2751) Frankfurt 2000 CBM 078 [Lutz,Christopher] ½-½ (31)}) ({RR} 16... Qa5 17. Bxc8 Rfxc8 18. Qb3 Qd5 19. Bxf6 Qxb3 20. Bxg7+ Kxg7 21. axb3 Be7 22. Rad1 Bf6 23. Rd2 Rd8 24. Rfd1 Rxd2 25. Rxd2 Rc8 26. g4 Rc5 27. Kg2 Rb5 28. Rd3 Bxb2 29. Nh4 h5 30. Nf5+ Kf6 31. Nd6 {Girel,J (2484)-Loiret,S (2163) Cappelle la Grande FRA 2025 1-0 (42)}) 17. Qxf5 Qc8 (17... Qd7 18. Qxd7 Nxd7 19. Rad1 Rfd8 20. Bxg7+ Kxg7 21. Rxd6 Ne5 22. Nd4 $1 Rxd6 23. Nf5+ Kf6 24. Nxd6 $16) 18. Qb5 $146 (18. Qxc8 Raxc8 (18... Rfxc8 19. Bxf6 gxf6 20. Rad1 $14) 19. Bxf6 gxf6 20. Rad1 Rfd8 $14 {Karpov}) (18. Nh4 $5 {Kramnik}) ({RR} 18. Nh4 Qxf5 19. Nxf5 Rfd8 20. Bxf6 gxf6 21. Nxh6 Kg7 22. Nf5+ Kg6 23. Nxd6 Rxd6 24. Rfd1 Rad8 25. Rxd6 Rxd6 26. g3 Rd2 27. Rb1 f5 28. Kg2 Rd3 29. b3 Rd2 30. a4 Rd3 31. b4 f4 32. gxf4 Kf5 {Gligoric,S (2470)-Kosic,D (2530) Niksic 1996 ½-½ (52)}) ({RR} 18. Nh4 Be7 19. Rac1 Qxf5 20. Nxf5 Bd8 21. Rfe1 Kh7 22. g3 Re8 23. Nd6 Rxe1+ 24. Rxe1 Ba5 25. Re7 Bb4 26. Bxf6 Bxd6 27. Rxf7 Kg6 28. Rd7 Kxf6 29. Rxd6+ Ke7 30. Rg6 Kf7 31. Rg4 Rd8 32. Ra4 a6 {Gomez Esteban,J (2490)-Manso Gil,A (2260) Mondariz 1997 1-0 (58)}) 18... a6 (18... Ne4 {Ftacnik} 19. Rac1 $14) 19. Qb6 (19. Qb3 Qe6 20. Qxe6 fxe6 21. Rfe1 Rfe8 $14 {Karpov}) 19... Qc7 (19... Bc7 {Ftacnik} 20. Qb3 Bd8 (20... Ne4 $2 21. Rac1 $18) 21. Ne5 $16) 20. Qxc7 Bxc7 21. Bxf6 gxf6 22. Rfe1 Rfe8 23. Rad1 $14 (23. g3 $5 {Karpov war möglicherweise noch genauer. Aber auch so behält Weiß einen kleinen, aber dauerhaften Vorteil. Karpows Endspielführung ist lehrreich.}) 23... Rxe1+ 24. Rxe1 { Hecht Dauerhafte Schwäche der schwarzen B-Struktur führt zu weißem Spiel an diesem Flügel mit S+K-Einsatz dort. Schwarzes Gegenspiel am D-Flügel. Nach beiderseitiger Freibauernbildung aufregendes Finale. Weißer Hauptvorteil: die schlechte schwarze K-Stellung, die zu Mattdrohungen führt.} Rd8 25. g3 Rd7 26. Re2 Kg7 27. Nh4 Rd5 (27... Be5 {Ftacnik} 28. Kg2 $14) 28. Re7 Rc5 29. Rd7 b5 (29... Kf8 $1 {Ftacnik} 30. b4 Rc1+ (30... Ke8 31. bxc5 Kxd7 32. Nf5 h5 33. Ng7 Kc6 34. Nxh5 Be5 35. h4 Kxc5 36. Ng7 f5 37. Nxf5 $16) 31. Kg2 Ke8 32. Rd3 $14) 30. b4 Rc2 31. Nf5+ Kg6 32. Ne3 Rc1+ 33. Kg2 Be5 (33... f5 {Ftacnik} 34. Nd5 Be5 35. Ra7 $16) 34. Ra7 Rc6 35. Nd5 Bd6 (35... Rd6 {Ftacnik} 36. Ne7+ Kh5 37. f4 Bc3 38. Kh3 $18) 36. a3 Kf5 37. Ne3+ (37. Rxf7 $2 {Ftacnik} Ke6) 37... Kg6 (37... Ke6 {Ftacnik} 38. g4 $5 (38. Kf3 Be5 39. Ke4 f5+ $1) 38... Bb8 39. Rb7 Bf4 40. Nf5 Rc3 41. Rb6+ Ke5 42. Rxa6 $16) 38. Kf3 Be5 39. Nd5 Kg7 40. Ne7 Rc3+ (40... Re6 $5 {Ftacnik} 41. Kg4 Bb2 42. h4 Bxa3 43. Nf5+ Kf8 (43... Kg6 44. h5+ Kh7 45. Rxf7+ Kh8 46. Nxh6 Bxb4 47. Kf5 Rc6 48. Kg6 f5+ 49. Kg5 Be1 50. f4 Bxg3 51. Nxf5 Bf2 52. Ne7 Rd6 53. h6 $18) 44. Ra8+ (44. Nxh6 Bxb4 45. Rxf7+ Ke8 46. Kf5 (46. Rb7 Bc5 47. f4 Re7 48. Rb8+ Kd7 49. Nf5 Re8) 46... Re2 47. Kg6 Rxf2 (47... Bc3 48. Ng4 $16) 48. Ng4 Rg2 49. Nxf6+ Kd8 50. g4 $16) 44... Re8 45. Rxa6 Bxb4 46. Rxf6 Re6 47. Rxe6 fxe6 48. Nd4 $16) 41. Kg4 Rxa3 42. f4 Bc3 43. Kh5 (43. Nf5+ {Ftacnik} Kg6) 43... Bxb4 44. Nf5+ Kg8 45. Ra8+ {} Kh7 (45... Bf8 {Ftacnik} 46. Nxh6+ Kg7 47. Ra7 Kh8 (47... Kh7 48. Rxf7+ Bg7 49. Nf5 $18) (47... Bc5 48. Rxf7+ Kh8 49. Kg6 $18) 48. Nxf7+ (48. Rxf7 Bxh6 49. Kxh6 Kg8 50. Kg6 Rc3 51. Rxf6 $18) 48... Kg8 (48... Kg7 49. Nh6+ Kh8 50. Kg6 $18) 49. Kg6 Ra2 (49... b4 {Hecht} 50. Ra8 $18) 50. Ra8 Rxh2 51. g4 Rh7 (51... b4 52. g5 fxg5 53. fxg5 Rf2 54. Nh6+ Kh8 55. Ng4 Rf1 56. Nf6 $18) (51... Rh1 52. Kxf6 Rh7 53. Ne5 b4 54. g5 $18) 52. Rxf8+ Kxf8 53. Kxh7 Kxf7 (53... b4 54. Nd6 b3 55. Nc4 $18) 54. g5 fxg5 55. fxg5 b4 56. g6+ $18) 46. Ra7 Kg8 (46... Bc3 {Ftacnik} 47. Rxf7+ Kg8 48. Nxh6+ Kh8 49. Kg6 $18) 47. Nxh6+ Kf8 48. Rxf7+ Ke8 49. Kg6 Bc3 (49... Ra2 {Ftacnik} 50. h4 Bc3 51. Nf5) (49... f5 $5 {[%cal Gc3h8] Hecht}) 50. Nf5 b4 (50... a5 $2 {Ftacnik} 51. Nd6+ Kd8 52. Nxb5 $18) 51. Rb7 {} Ra2 (51... b3 {Ftacnik} 52. Nd6+ Kd8 (52... Kf8 $2 53. Kh7 $1 (53. Rf7+ {Hecht} Kg8 54. Nf5 $18 {[%cal Rf5h6]}) 53... b2 54. Rf7#) 53. Kf5 {[%cal Rf5e6]} Ra2 54. Rxb3 $18) 52. h4 a5 (52... Kd8 {Ftacnik} 53. h5 Kc8 54. Nd6+ Kd8 55. h6 Rh2 56. h7 f5 57. Nxf5 $18) 53. h5 a4 (53... Kd8 54. h6 Kc8 55. h7 Rh2 56. Rg7 {[%cal Rf5h4]} Rxh7 57. Rxh7 a4 (57... b3 {Hecht} 58. Nd6+ Kd8 59. Kf5 $18 {[%cal Rf5e6]}) 58. Nd6+ Kb8 59. Rb7+ Ka8 60. Rb5 $18) 54. h6 Rh2 55. h7 {} Kd8 (55... a3 {Ftacnik} 56. Nh4 (56. Nd6+ {Hecht} Kd8 57. Kf5 a2 58. h8=Q+ Rxh8 59. Ke6 Re8+ 60. Nxe8 {[%cal Rb7b8]} Kc8 61. Nd6+ Kd8 62. Rd7#) 56... f5 57. Rg7 $1 Bxg7 58. Kxg7 a2 59. h8=Q+ Kd7 60. Kf7 $18) (55... b3 {Ftacnik} 56. Nh4 f5 57. Rg7 Bxg7 58. Kxg7 b2 59. h8=Q+ Kd7 60. Qb8 a3 61. Nxf5 $18) 56. Nh4 f5 57. Rxb4 (57. Rg7 $5 {Ftacnik} Bxg7 58. Kxg7 $18) 57... Rh3 58. Rxa4 Rxg3+ 59. Kxf5 (59. Kxf5 {Ftacnik} Rh3 60. Ra8+ Kc7 61. h8=Q Bxh8 62. Rxh8 $18) 1-0

[Event "Biel Credit Suisse"]
[Site "Biel"]
[Date "1997.07.27"]
[Round "6"]
[White "Karpov, Anatoly"]
[Black "Pelletier, Yannick"]
[Result "1-0"]
[WhiteElo "2745"]
[BlackElo "2465"]
[Annotator "Lutz,Christopher"]
[PlyCount "101"]
[EventDate "1997.07.20"]
[EventType "tourn"]
[EventRounds "10"]
[EventCountry "SUI"]
[EventCategory "17"]
[SourceTitle "CBM 060"]
[Source "ChessBase"]
[SourceDate "1997.09.29"]
[SourceVersion "1"]
[SourceVersionDate "1997.09.29"]
[SourceQuality "1"]

1. d4 {Fritz5.00 (100s)} d5 2. c4 c6 3. Nc3 Nf6 4. e3 e6 5. Nf3 Nbd7 6. Qc2 Bd6 7. Bd3 O-O 8. O-O h6 $5 {Mit diesem Zug wird ein neueres System eingeleitet. Nach 8...e7 und 8...e5 hatte Schwarz zuletzt Probleme gehabt.} (8... dxc4) (8... Qe7) (8... e5) 9. Rd1 (9. b3 b6 10. Bb2 Bb7 11. Rfd1 Qe7 12. cxd5 cxd5 13. Nb5 Rfc8 14. Qe2 Bb8 15. Ba3 Qd8 16. Rac1 Rxc1 17. Rxc1 Ne8 18. g3 a6 19. Nc3 Bd6 20. Bxd6 Nxd6 $11 {0-1 Topalov,V-Ivanchuk,V/Amber-rapid6th 1997/EXP 57 (43)} (20... Nxd6 {Fritz5.00 (100s)} 21. Ne5 Rc8 22. Nxd7 Qxd7 23. Bxa6 Ne4 24. Bxb7 Nxc3 25. Rxc3 Rxc3 26. Ba6 Qc7 27. Qb5 g6 28. a4 Rc2 29. Qd3 Rb2 30. Qd1 Qc3 31. Bb5 Kg7 32. Qf3 Qc7 33. e4 Qc1+ 34. Kg2 Rb1 35. Kh3 Qc2 36. Be8 f6 37. Qf4 Qc8 38. Bxg6 Kxg6 39. Qg4+ Kf7 40. exd5 Qd7 41. Qh5+ Ke7 42. Qg6 e5+ 43. Kg2 Qxd5+ {0-1 Topalov,V-Ivanchuk,V/Amber-rapid6th 1997/EXP 57})) 9... Qe7 (9... b6 10. e4 dxe4 11. Nxe4 Nxe4 12. Bxe4 Bb7 13. c5 $1) 10. h3 $1 $146 {'N' Fritz5.00 (100s). Fritz5.00 (100s): 'Stärkt g4'} (10. c5 Bb8 11. e4 e5 12. exd5 Nxd5 13. Bf1 Nxc3 14. bxc3 e4 15. Re1 Nf6 $13 {Spraggett,K-Bacrot,E/Enghien Les Bains 1997/CBM 58/[Lutz]/0-1 (41)} (15... Nf6 {Fritz5.00 (100s)} 16. g3 Bf5 17. Bb2 Bh7 18. Qb3 Ng4 19. Re2 e3 {Spraggett,K-Bacrot,E/Enghien Les Bains 1997/CBM 58/[Lutz]/0-1 (41)})) (10. e4 {Fritz5.00 (100s)} dxe4 11. Nxe4 Nxe4 12. Bxe4 Re8 13. Re1 Nf6 14. Bd3 c5 15. dxc5 Bxc5 16. Ne5 b6 17. Bd2 Bb7 18. Rad1 Red8 19. Bc3 a5 {Browne,W-Vera,R/Linares MEX 1994/EXT 94/1-0 (53)}) 10... b6 11. cxd5 $1 {Karpovs Eröffnungsbehandlung scheint eine gute Methode gegen 8...h6 zu sein.} (11. e4 dxe4 12. Nxe4 Nxe4 13. Bxe4 Bb7 { ...f5, ...c5}) 11... cxd5 (11... exd5 $5 {war eine beachtenswerte Alternative. Allerdings ist durch 8...h6 das Feld g6 geschwächt und somit auch die Kontrolle über f5.} 12. Nh4 $5 (12. e4 $5) (12. b3 $5) 12... g6 $2 13. Bxg6 fxg6 14. Qxg6+ $18 { f5}) 12. Nb5 $14 {Nun hat Weiß einen bequemen Vorteil.} Ba6 $6 {× c6} (12... Bb7 $14) 13. Bd2 (13. Nxd6 {Fritz5.00 (100s)} {[%tqu "En","","","","a6d3","",10]} Bxd3 14. Rxd3 Qxd6 $14) 13... Ne4 $146 (13... Rfc8 {Fritz5.00 (100s)} 14. Qb3 Bxb5 15. Bxb5 $11) ({RR} 13... Bxb5 14. Bxb5 a6 15. Bd3 Rfc8 16. Qb3 b5 17. a4 b4 18. a5 e5 19. Nxe5 Nxe5 20. dxe5 Qxe5 21. g3 Ne4 22. Bxe4 dxe4 23. Bxb4 Bxb4 24. Qxb4 Rc2 25. Rd4 Rb8 26. Rxe4 Rxb4 27. Rxe5 Rbxb2 28. Rf5 {Kuljasevic,D (2574)-Michalik,P (2565) Meissen 2013 ½-½ (59)}) 14. Be1 Bb4 $6 {'' Fritz5.00 (100s).} (14... Ndf6 15. Qa4) (14... Bxb5 {Fritz5.00 (100s)} 15. Bxb5 Rfc8 16. Bc3 $11) 15. Bxb4 ({Dagegen} 15. Bxe4 {Fritz5.00 (100s)} dxe4 16. Bxb4 Qxb4 $15) 15... Qxb4 16. a3 Qe7 17. Qa4 $16 ({Schlechter scheint} 17. Bxe4 {Fritz5.00 (100s)} dxe4 18. Nc7 Rfc8 $17) 17... Bb7 {'' Fritz5.00 (100s).} (17... Bxb5 18. Bxb5 Nef6 (18... Rfd8 {Fritz5.00 (100s)} 19. Rac1 $16) 19. Ba6 $16 { c}) 18. Rac1 a6 19. Nc7 b5 20. Qa5 Rac8 (20... Qd8 21. Ne5 Nxe5 (21... Nef6 22. Nc6 Bxc6 23. Rxc6 $16) (21... Rc8 22. Nxd7 Qxd7 23. Nxa6 Ra8 24. Qc7 $18) 22. dxe5 { e4} Ng5 23. Qb6 $16) 21. Nxa6 Bxa6 22. Qxa6 Ra8 23. Qc6 Nd6 24. Bxb5 $18 Nf6 25. Ba6 Rfb8 26. b4 Qd8 {Fritz5.00 (100s): 'Weiß darf nun die Drohung Tb6 nicht übersehen'} 27. b5 Nc4 (27... Rb6 {Fritz5.00 (100s)} 28. Qc7 Nxb5 29. Qxd8+ Rxd8 30. Bxb5 Rxb5 31. Ne5 $16) 28. Rxc4 $1 dxc4 29. Ne5 Qa5 (29... Nd5 {Fritz5.00 (100s)} 30. Qxc4 Qd6 31. Qc5 Qxc5 32. dxc5 $18) 30. Nxc4 Qc3 31. Rf1 Nd5 32. Qc5 Qc2 33. Nd6 Qd3 (33... Qxc5 34. dxc5 Nc7 35. c6 Nxa6 36. bxa6 { c7} Ra7 37. Rc1 Rc7 38. a7 Ra8 39. Nb5 $18) 34. Rc1 Rd8 35. Bb7 Rxa3 (35... Rab8 {Fritz5.00 (100s)} 36. Bxd5 exd5 37. Qxd5 $18) 36. Bxd5 exd5 37. b6 (37. Nxf7 $142 {(Fritz5.00 (100s)) läßt dem Gegner kaum Chancen} {[%tqu "En","","","","d8a8","",10]} Rda8 38. Qxd5 $18) 37... Rb3 (37... Ra2 {Fritz5.00 (100s)} 38. Qxd5 Rxf2 39. Kxf2 Qd2+ 40. Kf3 Qxc1 41. Qxf7+ Kh8 42. Nf5 Qc6+ 43. Kf2 $18) 38. Nxf7 $1 {Fritz5.00 (100s): 'Rückgabe des Materials ist das stärkste'} Rf8 (38... Kxf7 39. Qc7+ Ke8 40. Qe5+ Kf8 41. Rc7 { e7,  xg7}) (38... Rb8 {Fritz5.00 (100s)} 39. Nxh6+ Kh7 $18) 39. Qxd5 (39. Nxh6+ {Fritz5.00 (100s)} Kh7 40. Qxf8 $18) 39... Kh7 (39... Rb5 40. Qe6 $18 (40. Qe6 {Fritz5.00 (100s)} Qb3 41. Nxh6+ Kh7 42. Qe7 $18)) 40. Ne5 {Fritz5.00 (100s): 'Der weiße Springer greift über e5 drohend ein '} Qd2 41. Rf1 (41. Qe4+ $5 {(Fritz5.00 (100s)) damit würde Weiß es sich noch erleichtern} Kg8 42. Rf1 Rxb6 $18) 41... Qc2 42. Qc5 (42. Nd7 $5 {(Fritz5.00 (100s)) wäre im Gewinnsinne präziser} Rf5 43. Qa8 Rb2 44. Nf8+ Rxf8 45. Qxf8 Rxb6 $18) 42... Rc8 43. Qd6 Ra8 (43... Rb2 $142 $18 {Fritz5.00 (100s)}) 44. h4 (44. Nd7 {(Fritz5.00 (100s)) ginge schneller} Rb2 45. Qd5 Qc8 $18) 44... Rb1 45. Rxb1 Qxb1+ 46. Kh2 Qe4 (46... Ra2 {Fritz5.00 (100s)} 47. Qf8 Qe4 48. Kg3 $18) 47. Kg3 Ra2 (47... Qb1 $18 {(Fritz5.00 (100s)) die letzte Gegenchance}) 48. h5 (48. b7 $142 {(Fritz5.00 (100s)) und Weiß ist direkt am Ziel} Qxb7 49. Qg6+ Kh8 50. Nf7+ Kg8 51. Nxh6+ Kf8 52. Qf5+ Ke8 53. Qe6+ Qe7 54. Qxa2 Qd6+ 55. f4 Qxh6 56. Qg8+ Ke7 $18) 48... Qc2 (48... Rb2 $18 {Fritz5.00 (100s)}) 49. Qg6+ (49. Qf8 $142 {(Fritz5.00 (100s)) und Schwarz kann direkt aufgeben} Qe4 50. b7 Qxb7 51. Qf5+ Kg8 52. Qe6+ Kh7 53. Qxa2 $18) 49... Kg8 (49... Qxg6+ 50. hxg6+ Kg8 {'+-' Fritz5.00 (100s).} 51. Nd7 $18) 50. Qf7+ Kh7 {Fritz5.00 (100s): 'Weiß darf Schwarz nun nicht zu Ta8 kommen lassen'} 51. Nd7 {Fritz5.00 (100s): 'Droht Matt: Sf6'} (51. Nd7 {Fritz5.00 (100s)} Ra8 52. b7 Qc7+ 53. f4 Qxb7 54. Nf6+ Kh8 55. Qxb7 $18) 1-0

[Event "Biel SKA"]
[Site "Biel"]
[Date "1996.07.28"]
[Round "6"]
[White "Karpov, Anatoly"]
[Black "Tukmakov, Vladimir B"]
[Result "1/2-1/2"]
[WhiteElo "2775"]
[BlackElo "2580"]
[Annotator "Lutz,Christopher"]
[PlyCount "134"]
[EventDate "1996.07.22"]
[EventType "tourn"]
[EventRounds "11"]
[EventCountry "SUI"]
[EventCategory "16"]
[SourceTitle "CBM 055"]
[Source "ChessBase"]
[SourceDate "1996.12.01"]
[SourceVersion "1"]
[SourceVersionDate "1996.12.01"]
[SourceQuality "1"]

1. d4 d5 2. c4 c6 3. Nc3 Nf6 4. Nf3 e6 5. e3 Nbd7 6. Qc2 Bd6 7. Bd3 O-O 8. O-O dxc4 9. Bxc4 Qe7 10. Rd1 e5 11. Bb3 (11. h3 {Boensch,U-Slobodjan,R/Bad Homburg (08) ;CBM 55 1996}) 11... e4 12. Nd2 (12. Ng5 Bxh2+ 13. Kxh2 Ng4+ 14. Kg1 Qxg5 15. Nxe4 (15. Qxe4 Ndf6 16. Qf4 Qh4 17. Qg3 Qxg3 18. fxg3 Re8 19. Re1 Be6 $15 {Izhnin,A-Guliev,S/Nikolaev zt (10) ;CBM 47 1995}) 15... Qh4 16. Ng3 $13 {Hellsten,J-Sergejev,R/WchJM-U20 Halle (05) ;EXP 48 1995}) 12... Re8 13. f3 exf3 14. Nxf3 Nf8 15. e4 $1 {Wenn Schwarz zur Blockade des Feldes e4 kommt, kann er besser stehen. Dank einer taktischen Wendung behält Weiß Endspielinitiative, aber Schwarz verteidigt sich genau.} Nxe4 16. Qxe4 Qxe4 17. Nxe4 Rxe4 18. Bxf7+ Kh8 19. Ng5 Re7 20. Rf1 (20. Bb3 Be6 (20... Ne6 $2 21. Rf1 $1) 21. Nxe6 Nxe6 $10) 20... Ne6 $146 (20... Be6 $4 21. Bxe6 {1-0 Vilela,J-Leyva,H/Capablanca mem-B (10) ;EXP 52 1996}) ({RR} 20... Be6 21. Bxe6 {1-0 (21) Vilela de Acuna,J (2435)-Leyva,H (2385) Cienfuegos 1996}) 21. Bd2 Nxg5 22. Bxg5 Re4 23. Rae1 Bf5 24. Rxe4 Bxe4 25. Re1 Rf8 26. Rxe4 Rxf7 27. Re6 Bf8 28. Re8 h6 29. Be3 Kh7 30. d5 cxd5 31. Bxa7 Be7 32. Bd4 Bf6 33. Bxf6 Rxf6 34. Re5 d4 35. Rd5 Rc6 36. b3 Rc1+ 37. Kf2 Rc2+ 38. Kf3 Rxa2 39. Rxd4 Rc2 40. Rc4 Rd2 41. Rb4 Rd3+ 42. Ke2 Rd7 43. h4 h5 44. Rb5 g6 45. g3 Kh6 46. Ke3 Kg7 47. b4 Kf6 48. Ke4 Rc7 49. Rb6+ Rc6 50. Rxb7 Rc4+ 51. Kd5 Rc3 52. b5 Rxg3 53. Rb8 Rb3 54. Kc4 Rb1 55. Rf8+ Kg7 56. Rf4 g5 57. Rf5 gxh4 58. Rxh5 Rc1+ 59. Kd4 Rb1 60. Kc5 Rc1+ 61. Kd6 Rb1 62. Kc6 Rc1+ 63. Kb7 Rc4 64. b6 Kg6 65. Rh8 Kg5 66. Ka6 Rb4 67. b7 Kg4 1/2-1/2

[Event "Buenos Aires sim"]
[Site "Buenos Aires"]
[Date "2005.09.20"]
[Round "1"]
[White "Karpov, Anatoly"]
[Black "Hungaski, Robert Andrew"]
[Result "1-0"]
[WhiteElo "2672"]
[BlackElo "2308"]
[PlyCount "117"]
[EventDate "2005.09.20"]
[EventType "simul"]
[EventRounds "1"]
[EventCountry "ARG"]
[SourceTitle "CBM 108 Extra"]
[Source "ChessBase"]
[SourceDate "2005.11.04"]
[SourceVersion "1"]
[SourceVersionDate "2005.11.04"]
[SourceQuality "1"]

1. c4 e6 2. d4 d5 3. Nc3 c6 4. e3 Nf6 5. Nf3 Nbd7 6. Qc2 Bd6 7. Bd3 O-O 8. O-O dxc4 9. Bxc4 Qe7 10. a3 e5 11. h3 Bb8 12. Ba2 h6 13. Nh4 Rd8 14. Nf5 Qe8 15. Ne2 Nf8 16. dxe5 Bxf5 17. Qxf5 Qxe5 18. Ng3 Ne6 19. Qxe5 $146 ({RR} 19. Qc2 Qc5 20. Qxc5 Nxc5 21. Nf5 a5 22. Nd4 a4 23. Bd2 Be5 24. Bc3 Rd7 25. Rfd1 Nce4 26. Ne2 Nxc3 27. Nxc3 Kf8 28. Rxd7 Nxd7 29. Kf1 Nc5 30. Ke2 Bxc3 31. bxc3 Ne4 32. Rc1 Nd6 33. c4 Ne4 {Lingnau,C (2425)-Gurevich,M (2620) Germany 1997 ½-½ (60)}) 19... Bxe5 20. f4 Bc7 21. e4 Rd3 22. Nf5 Bb6+ 23. Kh2 Rd7 24. e5 Ne4 25. Be3 Bxe3 26. Nxe3 Rd3 27. Nc4 b5 28. f5 Nd4 29. Rf4 bxc4 30. Rxe4 Nxf5 31. Bxc4 Re3 32. Rxe3 Nxe3 33. Rc1 Rb8 34. b4 Nxc4 35. Rxc4 Rb6 36. Kg3 Kf8 37. Kf4 Ke7 38. g4 Kd7 39. a4 Rb8 40. h4 Ke7 41. Ke4 Kd7 42. Kf4 Ke7 43. Kf5 Rb7 44. g5 hxg5 45. hxg5 Kd7 46. Rg4 a5 47. bxa5 Ra7 48. g6 Ke7 49. gxf7 Kxf7 50. e6+ Kf8 51. Ke5 Rxa5+ 52. Kd6 c5 53. Re4 g5 54. Kc7 Ke7 55. Kb6 Ra8 56. Kxc5 Ra6 57. Rg4 Kf6 58. e7 Kxe7 59. Kb5 1-0